[Event "Titled Tuesday intern op 12th Apr Late"]
[Site "Chess.com INT"]
[Date "2022.04.12"]
[Round "8"]
[White "Olcayoz, Alper"]
[Black "Lewicki, Miroslaw"]
[Result "0-1"]
[WhiteElo "2244"]
[BlackElo "2340"]
[PlyCount "84"]
[EventDate "2022.04.12"]
[EventType "swiss (blitz)"]
[EventRounds "11"]
[EventCountry "USA"]
[SourceTitle "CBM 207 Extra"]
[Source "ChessBase"]
[SourceDate "2022.05.31"]
[SourceVersion "1"]
[SourceVersionDate "2022.05.31"]
[SourceQuality "1"]

1. d4 b6 2. Nc3 Bb7 3. f3 g6 4. e4 Bg7 5. Be3 e6 6. Qd2 h5 7. Nh3 Ne7 8. 0-0-0 d5 9. Nf4 dxe4 10. fxe4 0-0 11. d5 exd5 12. Nfxd5 Nxd5 13. exd5 Nd7 14. Bh6 Qf6 15. Bxg7 Kxg7 16. Bb5 Rad8 17. Rhf1 Qh4 18. g3 Qh3 19. Qd4+ f6 20. Bxd7 Rxd7 21. Rf2 Qg4 22. Rf4 Qg5 23. Rdf1 Rdf7 24. h4 Qe5 25. Kd2 Qxd4+ 26. Rxd4 g5 27. Ne4 Kg6 28. c4 Bc8 29. d6 c5 30. Rd3 Bf5 31. d7 Rxd7 32. Rxd7 Bxd7 33. hxg5 Bc6 34. Nxf6 Rd8+ 35. Ke3 Kxg5 36. Nh7+ Kg4 37. Nf6+ Kxg3 38. Nxh5+ Kh4 39. Nf6 Kg5 40. Ne4+ Bxe4 41. Rf6 Kxf6 42. Kxe4 Rd4+ 0-1

[Event "Titled Tuesday intern op 28th Dec"]
[Site "Chess.com INT"]
[Date "2021.12.28"]
[Round "3"]
[White "Olcayoz, Alper"]
[Black "Khabinets, Ivan"]
[Result "0-1"]
[WhiteElo "2244"]
[BlackElo "1980"]
[PlyCount "40"]
[EventDate "2021.12.28"]
[EventType "swiss (blitz)"]
[EventRounds "11"]
[EventCountry "USA"]
[SourceTitle "CBM 206 Extra"]
[Source "ChessBase"]
[SourceDate "2022.03.31"]
[SourceVersion "1"]
[SourceVersionDate "2022.03.31"]
[SourceQuality "1"]

1. e4 e5 2. Bc4 Nf6 3. d3 c6 4. Nf3 d5 5. Bb3 Bd6 6. Nc3 0-0 7. exd5 cxd5 8. Bg5 d4 9. Ne4 Be7 10. Bxf6 Bxf6 11. 0-0 Nc6 12. Re1 Kh8 13. Nxf6 Qxf6 14. Bd5 Re8 15. Qd2 Bd7 16. Qg5 Rac8 17. Bxc6 Bxc6 18. Rxe5 Rxe5 19. Nxe5 Bd5 20. Qxf6 gxf6 0-1

[Event "Titled Tuesday intern op 14th Dec"]
[Site "Chess.com INT"]
[Date "2021.12.14"]
[Round "10"]
[White "Kim, Sergey2222"]
[Black "Olcayoz, Alper"]
[Result "1-0"]
[WhiteElo "2295"]
[BlackElo "2244"]
[PlyCount "77"]
[EventDate "2021.12.14"]
[EventType "swiss (blitz)"]
[EventRounds "11"]
[EventCountry "USA"]
[SourceTitle "EXT 2023"]
[Source "ChessBase"]
[SourceDate "2022.10.05"]
[SourceVersion "1"]
[SourceVersionDate "2022.10.05"]
[SourceQuality "1"]

1. d4 Nf6 2. c4 e5 3. d5 Bc5 4. Nc3 d6 5. e4 a5 6. g3 h5 7. h3 Na6 8. Bg2 c6 9. Nge2 cxd5 10. cxd5 Bd7 11. 0-0 b5 12. Bg5 b4 13. Na4 Bxa4 14. Qxa4+ Qd7 15. Qd1 Nh7 16. Bd2 h4 17. g4 f6 18. Kh1 g5 19. a3 Kf7 20. Nc1 Rhb8 21. Nd3 Bd4 22. axb4 Nxb4 23. Bxb4 axb4 24. Rxa8 Rxa8 25. Nxb4 Bxb2 26. Nc6 Ra1 27. Qb3 Rxf1+ 28. Bxf1 Bc1 29. Qb8 Nf8 30. Bb5 Kg7 31. Nd4 Qf7 32. Be8 Qg8 33. Nf5+ Kh8 34. Qxd6 Nh7 35. Qe7 Bf4 36. Kg2 Bd2 37. Bd7 Ba5 38. Be6 Qd8 39. Qg7# 1-0

[Event "Be6!! Online Chess"]
[Site "Tornelo INT"]
[Date "2021.09.12"]
[Round "4"]
[White "Olcayoz, Alper"]
[Black "Gokerkan, Cem Kaan"]
[Result "0-1"]
[WhiteElo "2244"]
[BlackElo "2465"]
[PlyCount "64"]
[EventDate "2021.09.12"]
[EventType "swiss (blitz)"]
[EventRounds "8"]
[EventCountry "NET"]
[SourceTitle "CBM 204 Extra"]
[Source "ChessBase"]
[SourceDate "2021.11.30"]
[SourceVersion "1"]
[SourceVersionDate "2021.11.30"]
[SourceQuality "1"]

1. e4 c5 2. Nc3 d6 3. d4 cxd4 4. Qxd4 Nf6 5. Be3 Nc6 6. Qd2 Bd7 7. f3 Rc8 8. 0-0-0 a6 9. g4 b5 10. Kb1 e6 11. Nge2 Ne5 12. Nd4 b4 13. Nce2 Nc4 14. Qc1 Nxe3 15. Qxe3 Be7 16. g5 Nh5 17. f4 Qc7 18. Rc1 0-0 19. Ng3 Nxf4 20. Qxf4 e5 21. Qd2 exd4 22. Nf5 Rfe8 23. h4 Bf8 24. Rg1 Bc6 25. Nh6+ Kh8 26. Qf4 Re7 27. Bd3 d5 28. e5 Be8 29. Rcf1 Rxe5 30. Nxf7+ Bxf7 31. Qxf7 Re1+ 32. Rxe1 Qxf7 0-1

[Event "Ankara President's Cup"]
[Site "Ankara"]
[Date "2007.04.29"]
[Round "7"]
[White "Citak, Selim"]
[Black "Olcayoz, Alper"]
[Result "0-1"]
[WhiteElo "2358"]
[BlackElo "2315"]
[PlyCount "87"]
[EventDate "2007.04.28"]
[EventType "tourn (rapid)"]
[EventRounds "13"]
[EventCountry "TUR"]
[EventCategory "3"]
[SourceTitle "CBM 118 Extra"]
[Source "ChessBase"]
[SourceDate "2007.07.04"]
[SourceVersion "1"]
[SourceVersionDate "2007.07.04"]
[SourceQuality "1"]

1. d4 Nf6 2. c4 d6 3. Nc3 Nbd7 4. Nf3 e5 5. e4 Be7 6. Be2 0-0 7. 0-0 Re8 8. Qc2 Bf8 9. d5 a5 10. Bd2 g6 11. a3 a4 12. Be3 Nc5 13. Bxc5 dxc5 14. Nd2 Bd7 15. b3 axb3 16. Qxb3 b6 17. a4 Bh6 18. Rfd1 Bxd2 19. Rxd2 Ra5 20. d6 c6 21. Rb1 Ra6 22. a5 Rxa5 23. Qxb6 Qxb6 24. Rxb6 Ra3 25. Nb1 Nxe4 26. Nxa3 Nxd2 27. Rb7 Bf5 28. g4 Be4 29. d7 Rd8 30. g5 Kf8 31. Bg4 Ke7 32. Rc7 Nf3+ 33. Bxf3 Bxf3 34. Nc2 Rxd7 35. Rxd7+ Kxd7 36. h4 Ke6 37. Kh2 Be2 38. Ne3 e4 39. Kg3 Ke5 40. f4+ exf3 41. Ng4+ Kd4 42. Nf6 Kxc4 43. Nxh7 Kd4 44. Nf8 0-1

[Event "Ankara President's Cup"]
[Site "Ankara"]
[Date "2007.04.28"]
[Round "1"]
[White "Olcayoz, Alper"]
[Black "Bayram, Yakup"]
[Result "1-0"]
[WhiteElo "2315"]
[BlackElo "2317"]
[PlyCount "67"]
[EventDate "2007.04.28"]
[EventType "tourn (rapid)"]
[EventRounds "13"]
[EventCountry "TUR"]
[EventCategory "3"]
[SourceTitle "CBM 118 Extra"]
[Source "ChessBase"]
[SourceDate "2007.07.04"]
[SourceVersion "1"]
[SourceVersionDate "2007.07.04"]
[SourceQuality "1"]

1. d4 Nf6 2. Nf3 c5 3. c3 d5 4. Bg5 Ne4 5. Bf4 Nc6 6. e3 e6 7. Nbd2 cxd4 8. exd4 Bd6 9. Bxd6 Qxd6 10. Bd3 f5 11. Bb5 0-0 12. Bxc6 bxc6 13. 0-0 Rb8 14. Qc2 Ba6 15. Rfe1 Qf4 16. Nb3 Bb5 17. Ne5 c5 18. Nxc5 Rf6 19. Ncd7 Bxd7 20. Nxd7 Rh6 21. g3 Qg4 22. Rxe4 dxe4 23. Nxb8 Qh3 24. f4 exf3 25. Rf1 Qg4 26. Qd3 Qh5 27. Rf2 Qe8 28. Na6 e5 29. dxe5 Re6 30. Nc7 Qc6 31. Nxe6 Qxe6 32. Qd8+ Kf7 33. Qc7+ Ke8 34. Rd2 1-0

[Event "EU-Cup 20th"]
[Site "Izmir"]
[Date "2004.10.09"]
[Round "7.3"]
[White "Olcayoz, Alper"]
[Black "Kekki, Petri"]
[Result "1-0"]
[WhiteElo "2287"]
[BlackElo "2378"]
[PlyCount "153"]
[EventDate "2004.10.03"]
[EventType "team-swiss"]
[EventRounds "7"]
[EventCountry "TUR"]
[SourceTitle "CBM 104"]
[Source "ChessBase"]
[SourceDate "2005.01.27"]
[SourceVersion "1"]
[SourceVersionDate "2005.01.27"]
[SourceQuality "1"]
[WhiteTeam "Ankara"]
[BlackTeam "Matinkylan"]
[WhiteTeamCountry "TUR"]
[BlackTeamCountry "FIN"]

1. d4 d5 2. c4 dxc4 3. e3 Nf6 4. Bxc4 g6 5. Nc3 Bg7 6. Nf3 0-0 7. 0-0 Ne8 8. Qe2 Nd6 9. Bd3 Nc6 10. h3 e5 11. dxe5 Nxe5 12. Nxe5 Bxe5 13. e4 Re8 14. Qf3 c6 15. Rd1 Qh4 16. Bf1 b5 17. a3 Qe7 18. Qd3 Nb7 19. Be3 Be6 20. Rac1 Na5 21. Qb1 Bb3 22. Re1 Qf6 23. Be2 Reb8 24. Bd1 b4 25. axb4 Rxb4 26. Qa1 Qd8 27. Bc5 Rb7 28. Bc2 Bxc2 29. Rxc2 Nb3 30. Qa3 Qd3 31. Rce2 Rd8 32. Be7 Rd4 33. Bc5 Rdd7 34. Be3 Bxc3 35. bxc3 Qxc3 36. Bh6 Qb4 37. Qa6 Nd4 38. Re3 Qb5 39. Qa3 c5 40. Qc3 c4 41. e5 Qb4 42. e6 fxe6 43. Qa1 Qb2 44. Qa6 Qb6 45. Qxc4 Qd6 46. Qc8+ Kf7 47. Qh8 Nf5 48. Qxh7+ Kf6 49. Rxe6+ Qxe6 50. Rxe6+ Kxe6 51. Qxg6+ Ke5 52. f4+ Ke4 53. Qe6+ Kd4 54. Qxf5 Kc4 55. Qe4+ Kb5 56. Qe5+ Ka4 57. Qc5 Rbc7 58. Qe5 a5 59. Bf8 Rc4 60. h4 Rdd4 61. Qe8+ Kb3 62. Qb5+ Kc2 63. Qxa5 Rxf4 64. Be7 Kd3 65. Bg5 Rfd4 66. Qa3+ Ke4 67. Qf3+ Ke5 68. Bf6+ Ke6 69. Bxd4 Rc1+ 70. Kh2 Ra1 71. Qe4+ Kd7 72. Qd5+ Ke8 73. Bxa1 Kf8 74. Bf6 Ke8 75. Qe6+ Kf8 76. Qe7+ Kg8 77. Qg7# 1-0

[Event "TUR-ch"]
[Site "Kusadasi"]
[Date "2004.03.06"]
[Round "10"]
[White "Yagiz, Yasin Emrah"]
[Black "Olcayoz, Alper"]
[Result "1-0"]
[WhiteElo "2199"]
[BlackElo "2290"]
[PlyCount "87"]
[EventDate "2004.02.28"]
[EventType "swiss"]
[EventRounds "12"]
[EventCountry "TUR"]
[SourceTitle "CBM 099 Extra"]
[Source "ChessBase"]
[SourceDate "2004.05.04"]
[SourceVersion "1"]
[SourceVersionDate "2004.05.04"]
[SourceQuality "1"]

1. d4 Nf6 2. c4 e6 3. Nc3 d5 4. cxd5 exd5 5. Bg5 Nbd7 6. e3 Bb4 7. Bd3 c5 8. Nge2 Qa5 9. 0-0 c4 10. Bc2 0-0 11. f3 Re8 12. Qc1 b5 13. a3 Bxc3 14. bxc3 Bb7 15. Qd2 Qb6 16. Bh4 a5 17. Rab1 Qe6 18. Bf2 Bc6 19. g4 Qd6 20. Ng3 Reb8 21. Nf5 Qxa3 22. Bg3 Rb6 23. Bc7 Rba6 24. Bd6 b4 25. cxb4 axb4 26. Bxb4 Qa2 27. g5 Ne8 28. Qg2 Nf8 29. Rf2 g6 30. Ne7+ Kg7 31. Bxg6 Nxg6 32. Rxa2 Rxa2 33. Qh3 Nxe7 34. Qh6+ Kg8 35. Bxe7 Ng7 36. Qxc6 Nf5 37. Bd6 R2a6 38. Rb8+ Rxb8 39. Qxa6 Re8 40. Be5 c3 41. Qc6 Rxe5 42. dxe5 d4 43. Qc8+ Kg7 44. Qxf5 1-0

[Event "TUR-ch"]
[Site "Kusadasi"]
[Date "2004.03.02"]
[Round "6"]
[White "Erdogan, Hakan"]
[Black "Olcayoz, Alper"]
[Result "1-0"]
[WhiteElo "2252"]
[BlackElo "2290"]
[PlyCount "91"]
[EventDate "2004.02.28"]
[EventType "swiss"]
[EventRounds "12"]
[EventCountry "TUR"]
[SourceTitle "CBM 099 Extra"]
[Source "ChessBase"]
[SourceDate "2004.05.04"]
[SourceVersion "1"]
[SourceVersionDate "2004.05.04"]
[SourceQuality "1"]

1. d4 d5 2. c4 c6 3. Nf3 Nf6 4. Nc3 e6 5. Bg5 h6 6. Bxf6 Qxf6 7. e3 Nd7 8. Bd3 Qd8 9. Qd2 Be7 10. cxd5 cxd5 11. 0-0 a6 12. a4 0-0 13. Bc2 Bd6 14. e4 dxe4 15. Nxe4 Bc7 16. Qd3 g6 17. h4 f5 18. Nc3 Nf6 19. Rad1 Kg7 20. Rfe1 Bd7 21. Ne5 Be8 22. Bb3 Qd6 23. g3 Qb6 24. Qc4 Rd8 25. Qxe6 Qxe6 26. Bxe6 Ba5 27. Bb3 Ne4 28. Re3 Nd6 29. Nf3 f4 30. Re7+ Kh8 31. g4 Bb4 32. Nd5 a5 33. Nxb4 axb4 34. Rc1 Rd7 35. Rce1 Rxe7 36. Rxe7 b6 37. Ne5 h5 38. Re6 Ne4 39. g5 Kg7 40. Nf3 Bf7 41. Re7 Nd6 42. Ne5 Nf5 43. Rd7 Nxh4 44. Nxf7 Nf3+ 45. Kg2 Nd2 46. Ne5+ 1-0

[Event "TUR-ch"]
[Site "Kusadasi"]
[Date "2004.03.01"]
[Round "4"]
[White "Asilkefeli, Metin"]
[Black "Olcayoz, Alper"]
[Result "1/2-1/2"]
[WhiteElo "2126"]
[BlackElo "2290"]
[PlyCount "75"]
[EventDate "2004.02.28"]
[EventType "swiss"]
[EventRounds "12"]
[EventCountry "TUR"]
[SourceTitle "CBM 099 Extra"]
[Source "ChessBase"]
[SourceDate "2004.05.04"]
[SourceVersion "1"]
[SourceVersionDate "2004.05.04"]
[SourceQuality "1"]

1. d4 Nf6 2. Nf3 e6 3. g3 b6 4. Bg2 Bb7 5. c4 Be7 6. Nc3 Ne4 7. Qc2 Nxc3 8. bxc3 f5 9. d5 0-0 10. 0-0 Na6 11. Nd4 Nc5 12. Ba3 g6 13. Nb3 e5 14. Nxc5 Bxc5 15. Bxc5 bxc5 16. f4 exf4 17. Rxf4 d6 18. Raf1 Bc8 19. e4 Bd7 20. exf5 Rxf5 21. Rxf5 Bxf5 22. Be4 Bxe4 23. Qxe4 Qd7 24. Re1 Rf8 25. Kg2 Qf7 26. Qe6 Qxe6 27. Rxe6 Kf7 28. Kf3 Rb8 29. Re2 Rb1 30. Ke3 Rd1 31. Rb2 Re1+ 32. Kd3 Rd1+ 33. Ke2 Rh1 34. Kd3 Rd1+ 35. Ke3 Rc1 36. Kd2 Rh1 37. Kd3 Rd1+ 38. Ke4 1/2-1/2

[Event "EU-ch Internet qual"]
[Site "Playchess.com INT"]
[Date "2003.11.08"]
[Round "3"]
[White "Olcayoz, Alper"]
[Black "Vuckovic, Aleksandar"]
[Result "1/2-1/2"]
[WhiteElo "2305"]
[BlackElo "2321"]
[PlyCount "87"]
[EventDate "2003.11.08"]
[EventType "swiss (blitz)"]
[EventRounds "15"]
[EventCountry "GER"]
[SourceTitle "EXT 2004"]
[Source "ChessBase"]
[SourceDate "2003.11.25"]
[SourceVersion "1"]
[SourceVersionDate "2003.11.25"]
[SourceQuality "1"]

1. d4 Nf6 2. Nf3 e6 3. c4 b6 4. g3 Bb7 5. Qa4 c5 6. dxc5 Bxc5 7. Bg2 0-0 8. 0-0 Nc6 9. Nc3 a6 10. Rd1 Qc7 11. Bf4 Qc8 12. Bd6 Bxd6 13. Rxd6 Ne8 14. Rd2 Qc7 15. Rad1 Rd8 16. b4 Nb8 17. Qb3 Nf6 18. a4 d5 19. cxd5 Nxd5 20. Nxd5 Bxd5 21. Qe3 Qb7 22. Ne5 Rfe8 23. Nc4 b5 24. Na5 Qa8 25. axb5 axb5 26. Qc5 Na6 27. Qxb5 Bxg2 28. Rxd8 Rxd8 29. Rxd8+ Qxd8 30. Kxg2 Nc7 31. Qc4 Kf8 32. b5 Qd5+ 33. Qxd5 Nxd5 34. Nc4 Ne7 35. b6 Nc6 36. b7 Ke7 37. f4 f6 38. Kf3 Kd7 39. Ke4 Kc7 40. g4 g6 41. g5 f5+ 42. Kd3 Kxb7 43. e4 Kc7 44. exf5 1/2-1/2

[Event "EU-ch Internet qual"]
[Site "Playchess.com INT"]
[Date "2003.11.08"]
[Round "9"]
[White "Svetushkin, Dmitry"]
[Black "Olcayoz, Alper"]
[Result "1-0"]
[WhiteElo "2571"]
[BlackElo "2305"]
[PlyCount "161"]
[EventDate "2003.11.08"]
[EventType "swiss (blitz)"]
[EventRounds "15"]
[EventCountry "GER"]
[SourceTitle "EXT 2004"]
[Source "ChessBase"]
[SourceDate "2003.11.25"]
[SourceVersion "1"]
[SourceVersionDate "2003.11.25"]
[SourceQuality "1"]

1. e4 e6 2. d3 c5 3. g3 Nc6 4. Bg2 g6 5. f4 Bg7 6. Nf3 Nge7 7. 0-0 d6 8. c3 0-0 9. Be3 Bd7 10. Bf2 Rb8 11. Nbd2 b5 12. d4 cxd4 13. cxd4 d5 14. e5 Rc8 15. Nb3 Na5 16. Nc5 Rc7 17. Qe2 Nb7 18. Nb3 a5 19. Rfc1 a4 20. Nc5 Nxc5 21. dxc5 Qb8 22. Nd4 Nf5 23. Nxf5 gxf5 24. Bd4 Rfc8 25. Rc2 Bf8 26. Rac1 b4 27. g4 b3 28. axb3 axb3 29. Rc3 Qb5 30. Qxb5 Bxb5 31. gxf5 Bc4 32. fxe6 fxe6 33. Rg3+ Rg7 34. Bh3 Rxg3+ 35. hxg3 Kf7 36. Ra1 Rc7 37. Kf2 h5 38. Ke3 Be7 39. Ra4 Bb5 40. Rb4 Bd7 41. Rxb3 Bxc5 42. Bxc5 Rxc5 43. Rb7 Ke8 44. Bf1 Rc1 45. Be2 Rg1 46. Bxh5+ Kd8 47. Kf2 Rh1 48. Bf3 Rh2+ 49. Ke3 Rh3 50. Rb8+ Kc7 51. Rg8 Rh2 52. Rg7 Rxb2 53. f5 Rb3+ 54. Kf4 Rb4+ 55. Kg5 Rb3 56. Bg4 exf5 57. e6 fxg4 58. Rxd7+ Kc8 59. Rxd5 Rxg3 60. e7 Re3 61. Rd8+ Kc7 62. e8Q Rxe8 63. Rxe8 Kd7 64. Re3 Kd6 65. Rg3 Kd5 66. Rxg4 Ke5 67. Kg6 Ke6 68. Re4+ Kd5 69. Re1 Kd6 70. Kf5 Kd5 71. Rd1+ Kc4 72. Ke4 Kc3 73. Rd8 Kc2 74. Rd7 Kc1 75. Ke3 Kc2 76. Rd3 Kc1 77. Rd2 Kb1 78. Kd3 Kc1 79. Kc3 Kb1 80. Re2 Kc1 81. Re1# 1-0